000 00467nab a2200145Ia 4500
003 ES-SlBCS
005 20210601124315.0
008 140529s1986 xxu||||| |||| 00| 0 eng d
041 _aeng
100 1 _aKimball, Bruce A.
_9139503
245 0 4 _aThe Trainig of Teachers, the Study of Education, and the Liberal Disciplines
_c Bruce A. Kimball
650 0 4 _aProfesor
_9139167
773 0 _tEducational Theory
_gvol. 36, nº. 1, 1986, págs. 15-22
_wRev1399
942 _cAR
999 _c512679
_d512679